000 00327 a2200133 4500
001 151093
040 _cEscola São Tomás de Aquino
240 1 0 _aHistórias para pensar com a barriga
_lpor
245 1 0 _aHistórias para pensar com a barriga
300 _a47
362 0 _a1998
697 _a*LITERATURA INFANTO
942 _cBK
999 _c151093
_d151093